Reed's naval architecture for marine engineers (Record no. 3267)

000 -LEADER
fixed length control field 00387nam a2200157Ia 4500
008 - FIXED-LENGTH DATA ELEMENTS--GENERAL INFORMATION
fixed length control field 200103s9999||||xx |||||||||||||| ||und||
020 ## - INTERNATIONAL STANDARD BOOK NUMBER
International Standard Book Number 9780713667349,
082 ## - DEWEY DECIMAL CLASSIFICATION NUMBER
Classification number Column-4
100 ## - MAIN ENTRY--PERSONAL NAME
Personal name Stokoe, E. A. 
245 #0 - TITLE STATEMENT
Title Reed's naval architecture for marine engineers
250 ## - EDITION STATEMENT
Edition statement Vol. 4
260 ## - PUBLICATION, DISTRIBUTION, ETC. (IMPRINT)
Name of publisher, distributor, etc Adlard Coles Nautical
Date of publication, distribution, etc 2007
300 ## - PHYSICAL DESCRIPTION
Extent 392
942 ## - ADDED ENTRY ELEMENTS (KOHA)
Item type Books
Holdings
Withdrawn status Lost status Source of classification or shelving scheme Damaged status Not for loan Permanent location Current location Date acquired Total Checkouts Total Renewals Full call number Barcode Date last seen Date last borrowed Koha item type
          IMU-MPC Library IMU-MPC Library 2020-01-08 2 4 Column-34 MPC4847 2024-04-12 2022-10-10 Books
Copyright © 2021 Indian Maritime University, Mumbai Port Campus. All Rights Reserved. Managed & Maintained by Central Library, IMU-Mumbai

webs counters

Powered by Koha